| 000 | 01177nam a22002537a 4500 | ||
|---|---|---|---|
| 005 | 20090625114559.0 | ||
| 008 | 090625t xxu||||| |||| 00| 0 hin d | ||
| 010 | _aHIN-87098 | ||
| 020 |
_a97881902254518 _c200.00 |
||
| 035 | _aHN-59444 | ||
| 037 | _bDBAD / PUB | ||
| 040 |
_adpl _bhn |
||
| 082 | _a415 | ||
| 100 | _aद्विवेदी, दीक्षा | ||
| 245 |
_aसंस्कृत व्याकरण / _cदीक्षा द्विवेदी |
||
| 246 |
_aSanskrita Vyaakarana _bby Diksha Divedi |
||
| 260 |
_aदिल्ली _bडिस्कवरी बुक सैंटर _c2009 |
||
| 270 |
_a1/9427, वैस्ट रोहतास नगर , शाहदरा _bदिल्ली _e110032 |
||
| 300 |
_a174पृ. _c22सेमी (सजिल्द) |
||
| 650 |
_aसंस्कृत भाषा _xव्याकरण |
||
| 650 |
_aSanskrit language _xGrammar |
||
| 942 |
_2ddc _cHN _h415 _mद्विवेदी |
||
| 999 |
_c27887 _d27887 |
||